00669cam a2200205u 450000100060000000300080000600500170001400800390003103500190007004000330008904100080012208200220013010000280015224500740018026000670025430000270032149000770034850400200042565100180044526370BD-RjUL20211209051016.0140322s1959 xx 001 0 eng a(BD-RjUL)26440 aDLCcCarPdDLCdBD-RjULbeng aeng a954.023bCHP 19591 aChandra, Satish,d1922-10aParties and politics at the Mughal Court, 1707-1740 /cSatish Chandra aAligarh :bDept. of History, Aligarh Muslim University,c1959. axiii, 309 p. ;c26 cm.0 aPublication / Department of History, Aligarh Muslim University ;vno. 15 aIncludes index. 0aMogul Empire.